Statistiken für Bundesliga: Spieler mit den meisten "Spieler des Tages" Auszeichnungen

Klicken Sie hier um das Quiz zu spielen!

Allgemein

  • Dieses Quiz wurde 97 mal gespielt
  • Das Durchschnittsergebnis liegt bei 8 aus 16

Antwortstatistiken

AnzahlZeitraumAntwort% Korrekt
24x2010-2022Robert Lewandowski
98%
12x1964–1979Gerd Müller
96%
9x2008-Thomas Müller
96%
14x2009-Marco Reus
87%
16x2007–2019Franck Ribery
71%
9x2009–2019Arjen Robben
70%
9x1999-2020Claudio Pizarro
48%
11x2004-2019Mario Gomez
47%
10x2000-2011Miro Klose
41%
12x1974–1984Kalle Rummenigge
38%
11x1994-2005Giovane Elber
33%
9x2001-2016Kevin Kuranyi
9%
9x1978-1993Pierre Littbarski
9%
9x1985-2004Andreas Möller
8%
10x1975-1993Klaus Allofs
8%
9x1983-1997Fritz Walter
4%

Verteilung der Resultate

Perzentil nach korrekt beantworteten Fragen

Anzahl Personen mit jedem Resultat

Ihre Resultats-Entwicklung

Sie haben dieses Quiz noch nicht gespielt